000 00647nam a2200229Ia 4500
003 OSt
005 20221007070828.0
006 a|||||r|||| 00| 0
007 ta
008 221006b |||||||| |||| 00| 0 eng d
024 _a27,722
037 _cTextual
040 _aFLL
_cFLL
_beng
041 _2eng
_aeng
082 _aZ73:155, J5
100 _aAuerbach Frank L.
_9687775
245 0 _aImmigration laws of the United States
260 _aIndianapolis
_bThe Bobbs-Merrill Company, Inc. Indianapolis
_c1955
300 _avii,372p
_ccm.
942 _hZ73:155, J5
_cTEXL
_2CC
999 _c1141658
_d1141658